00680 a2200181 45000010006000000050017000060080041000230030015000640400040000790800104001192450025002232640028002483000032002765050127003080410008004351000021004437000034004645433320260407155815.0260407a1958 arg spa dAR-UNSa-BCEJYS aAR-UNSa-BCEJYSbspacAR-UNSa-BCEJYS a330.1xCiencia económica. Conceptos fundamentales de teoría económica. Valor. Capital. Fondos10aTeoría económica 1aMadrid :bAguilarc1958 a2 v. (512 ; 286 p.)c22 cm. a1.Teoría de la circulación económica - 2. Plan económico y equilibrio - 3. Teoría del dinero y de la ocupación aspa1 aSchneider, Erich1 aMorera Altisent, Juan Eugenio